| 000 | 00497nam a2200193Ia 4500 | ||
|---|---|---|---|
| 005 | 20251120192537.0 | ||
| 008 | 230125s9999 xx 000 0 und d | ||
| 020 | _a978-81-905655-8-5 | ||
| 041 | _aeng | ||
| 082 |
_a158.1 _bHAY |
||
| 100 |
_aHay L L _9215187 |
||
| 245 | _aYou can heal your life | ||
| 260 |
_c2005 _bHay House India _aNew Delhi |
||
| 300 | _a98p | ||
| 500 | _aPersonality Development | ||
| 650 |
_aPersonality Development _9213420 |
||
| 700 |
_aHay L L _9215187 |
||
| 942 | _cDB | ||
| 999 |
_c92904 _d92904 |
||